Players of National Teams - Serbia - Statistics

General Stats
  • This quiz has been taken 3 times
  • The average score is 3 of 28
Answer Stats
Pos. Team Player % Correct
FW Juventus FC Dušan Vlahović
67%
CB AC Milan Strahinja Pavlović
67%
LB Red Bull Salzburg Aleksa Terzic
33%
GK AFC Bournemouth Djordje Petrovic
33%
LM Juventus FC Filip Kostić
33%
FW Werder Bremen Jovan Milosevic
33%
CB Nottingham Forest Nikola Milenković
33%
AM Red Star Belgrade Aleksandar Katai
0%
DM Club Brugge Aleksandar Stanković
0%
RW PAOK Andrija Zivkovic
0%
CM Torino FC Ivan Ilić
0%
RW Vojvodina Novi Sad Lazar Randjelovic
0%
AM Atalanta BC Lazar Samardžić
0%
AM Real Oviedo Luka Ilic
0%
FW AEK Athens Luka Jović
0%
DM AEK Athens Marko Grujić
0%
LB Celta Vigo Mihailo Ristic
0%
CB Red Star Belgrade Milos Veljkovic
0%
DM Sevilla FC Nemanja Gudelj
0%
LW Red Star Belgrade Nemanja Radonjic
0%
RB Pafos FC Ognjen Mimović
0%
FW SS Lazio Petar Ratkov
0%
GK Al-Ittihad Club Predrag Rajković
0%
CM Fulham FC Saša Lukić
0%
CB Red Star Belgrade Strahinja Erakovic
0%
DM Partizan Belgrade Vanja Dragojevic
0%
GK Widzew Lodz Veljko Ilıc
0%
CB AFC Bournemouth Veljko Milosavljevic
0%
No matching quizzes found
Score Distribution
Percent of People with Each Score
Percentile by Number Answered
Your Score History
You have not taken this quiz